পুষ্টি, উর্বরতা ও আর্থিক সমৃদ্ধির এক অনন্য ফসল সয়াবিদ/ (Record no. 16563)
[ view plain ]
| 000 -LEADER | |
|---|---|
| fixed length control field | 00904nam a22002057a 4500 |
| 003 - CONTROL NUMBER IDENTIFIER | |
| control field | BD-DhSAU |
| 005 - DATE AND TIME OF LATEST TRANSACTION | |
| control field | 20230201104747.0 |
| 008 - FIXED-LENGTH DATA ELEMENTS--GENERAL INFORMATION | |
| fixed length control field | 221809b2016 bg | ||| |||| 001 0 ben d |
| 020 ## - INTERNATIONAL STANDARD BOOK NUMBER | |
| International Standard Book Number | 9789843405661 |
| 040 ## - CATALOGING SOURCE | |
| Original cataloging agency | BD-DhSAU |
| 082 ## - DEWEY DECIMAL CLASSIFICATION NUMBER | |
| Edition number | 22 |
| Classification number | 633.34 |
| Item number | C4595 |
| 100 ## - MAIN ENTRY--PERSONAL NAME | |
| Personal name | চৌধুরী, মুহাম্মদ মহী উদ্দীন |
| 245 ## - TITLE STATEMENT | |
| Title | পুষ্টি, উর্বরতা ও আর্থিক সমৃদ্ধির এক অনন্য ফসল সয়াবিদ/ |
| Statement of responsibility, etc. | মুহাম্মদ মহী উদ্দীন চৌধুরী |
| 260 ## - PUBLICATION, DISTRIBUTION, ETC. (IMPRINT) | |
| Place of publication, distribution, etc. | লক্ষীপুর : |
| Name of publisher, distributor, etc. | আজিজিয়া লাইব্রেরী ; |
| Date of publication, distribution, etc. | ২০১৬ |
| 300 ## - PHYSICAL DESCRIPTION | |
| Extent | ১১০ পৃ।; |
| Dimensions | ২২ সেমি। |
| 500 ## - GENERAL NOTE | |
| General note | গ্রন্থপঞ্জি আছে। |
| 590 ## - Name of Cataloguer | |
| Name of Cataloger | কবির |
| 650 ## - SUBJECT ADDED ENTRY--TOPICAL TERM | |
| Topical term or geographic name as entry element | সয়াবিন |
| 942 ## - ADDED ENTRY ELEMENTS (KOHA) | |
| Source of classification or shelving scheme | Dewey Decimal Classification |
| Koha item type | Book |
| Withdrawn status | Lost status | Source of classification or shelving scheme | Damaged status | Not for loan | Collection code | Home library | Branch Name | Shelving location | Date acquired | Total Checkouts | Full call number | Barcode | Date last seen | Price effective from | Koha item type |
|---|---|---|---|---|---|---|---|---|---|---|---|---|---|---|---|
| Dewey Decimal Classification | Not For Loan | Reference | SAU Library | SAU Library | Reference | 07/01/2020 | 633.34 C4595 | 41770 | 01/02/2023 | 01/02/2023 | Book |
